Statystyki dla Chelsea Londyn 2019/2020

Kliknij tutaj aby rozwiązać quiz!

Ogólne statystyki

  • Ten quiz został rozwiązany 473 razy
  • Średni wynik to 16 z 25

Statystyki odpowiedzi

PozycjaImię i Nazwisko% Poprawnych
BramkarzKepa
99%
PomocnikN'Golo Kante
89%
BramkarzWilly Caballero
85%
ObrońcaCesar Azpilicueta
83%
ObrońcaMarcos Alonso
82%
NapastnikTammy Abraham
82%
PomocnikMason Mount
81%
ObrońcaAntonio Rudiger
79%
NapastnikOliver Giroud
78%
PomocnikJorginho
75%
PomocnikMateo Kovacic
70%
NapastnikWillian
70%
NapastnikChristian Pulisic
67%
ObrońcaKurt Zouma
66%
NapastnikCallum Hudson-Odoi
65%
NapastnikPedro
65%
ObrońcaAndreas Christensen
63%
ObrońcaReece James
61%
ObrońcaFikayo Tomori
58%
PomocnikRoss Barkley
52%
PomocnikRuben Loftus-Cheek
44%
NapastnikMichy Batshuayi
42%
ObrońcaEmerson Palmieri
33%
PomocnikMarco Van Ginkel
19%
BramkarzJamie Cumming
17%

Rozkład punktacji

Percentyl według liczby udzielonych odpowiedzi

Procent ludzi z każdym wynikiem

Twoja historia wyników

Nie rozwiązałeś tego quizu